Marketing poradenskej spoločnosti diplomová práca

Gespeichert in:
Bibliographische Detailangaben
1. Verfasser: Šišmišová, Lucia
Körperschaft: Obchodná fakulta EU. Katedra marketingu
Weitere Verfasser: Hanuláková, Eva, 1964-
Format: Buch
Sprache:Slowakisch
Veröffentlicht: Bratislava 2010
Tags: Tag hinzufügen
Keine Tags, Fügen Sie das erste Tag hinzu!

MARC

LEADER 00000nam$a2200000$$$4500
001 0122015
005 20240318122603.2
041 0 |a slo 
044 |a SK 
245 1 0 |a Marketing poradenskej spoločnosti  |b diplomová práca  |c Lucia Šišmišová ; škol. Eva Hanuláková 
264 1 |a Bratislava  |c 2010 
300 |a 94 s. 
100 1 |a Šišmišová, Lucia 
700 1 |a Hanuláková, Eva, 1964- 
710 2 |a Obchodná fakulta EU. Katedra marketingu